000 00346nam a2200133 i 4500
001 bg
100 1 _aPAVLOV, L. P.
245 0 _aMetody opredelenija osnovych parametrov poluprovodnikovych materiaƂov /
_cL.P. Pavlov.
260 _aMoskva,
_c1975.
040 _cBPK
041 _apol
942 _cKS
008 s pl f |000 0 pol
999 _c16785
_d16785
856 _uhttp://koha.tu.koszalin.pl/cgi-bin/koha/opac-detail.pl?biblionumber=16785
_yKatalog online BPK